Economics

Enregistré dans:
Détails bibliographiques
Auteur principal: Parkin, Michael
Format: Livre
Langue:anglais
Publié: Harlow PEARSON 2016
Édition:12th ed.
Collection:Always learning
Sujets:
Tags: Ajouter un tag
Pas de tags, Soyez le premier à ajouter un tag!

MARC

LEADER 00000nam a2200000 4500
001 0224806
005 20240313130747.6
020 |a 1-292-09461-3 
041 0 |a eng 
044 |a GB 
245 1 0 |a Economics  |c Michael Parkin 
250 |a 12th ed. 
264 1 |a Harlow  |b PEARSON  |c 2016 
300 |a 822 s.  |e 1 príl. (MyEconLab) 
490 1 |a Always learning 
830 0 |a Always learning 
610 2 0 |a ekonómia 
610 2 0 |a veda ekonomická 
610 2 0 |a trh 
610 2 0 |a domácnosti 
610 2 0 |a firmy 
610 2 0 |a statky verejné 
610 2 0 |a nerovnosť 
610 2 0 |a makroekonomika 
100 1 |a Parkin, Michael